Countries Most Similar To Russia - Statistics

General Stats
  • This quiz has been taken 396 times
  • The average score is 13 of 20
Answer Stats
Rank Country Score % Correct
2 Ukraine 77.7
95%
1 Belarus 81.1
93%
3 Kazakhstan 70.8
85%
11 Poland 66.8
85%
4 Serbia 70.1
84%
5 Latvia 70.1
80%
12 Estonia 66.6
76%
6 Lithuania 70
76%
8 Romania 67.7
68%
7 Bulgaria 69.4
66%
13 Moldova 66.3
66%
10 Slovakia 67.2
66%
18 Croatia 65.1
61%
16 Czechia 65.5
57%
17 Bosnia and Herzegovina 65.3
54%
20 Slovenia 64.7
54%
14 Armenia 65.6
52%
9 Montenegro 67.7
50%
15 North Macedonia 65.6
47%
19 Sweden 64.8
25%
No matching quizzes found
Score Distribution
Percent of People with Each Score
Percentile by Number Answered
Your Score History
You have not taken this quiz